NLSUI OPAC header image

Legal thesaurus (Record no. 39153)

MARC details
000 -LEADER
fixed length control field 01360nam a2200229Ia 4500
003 - CONTROL NUMBER IDENTIFIER
control field OSt
005 - DATE AND TIME OF LATEST TRANSACTION
control field 20201015154600.0
008 - FIXED-LENGTH DATA ELEMENTS--GENERAL INFORMATION
fixed length control field 160316s2013 xxu||||| |||| 00| 0 eng d
020 ## - INTERNATIONAL STANDARD BOOK NUMBER
International Standard Book Number 9780071818810
040 ## - CATALOGING SOURCE
Transcribing agency nls
082 ## - DEWEY DECIMAL CLASSIFICATION NUMBER
Classification number 340.030000
Item number BUR
100 ## - MAIN ENTRY--PERSONAL NAME
Personal name Burton William C
245 ## - TITLE STATEMENT
Title Legal thesaurus
250 ## - EDITION STATEMENT
Edition statement 5th
260 ## - PUBLICATION, DISTRIBUTION, ETC.
Place of publication, distribution, etc. London
Name of publisher, distributor, etc. Mcgraw Hill Education
Date of publication, distribution, etc. 2013
300 ## - PHYSICAL DESCRIPTION
Extent 1121p
Dimensions xiii
365 ## - TRADE PRICE
Price amount Rs. 3,495
505 ## - FORMATTED CONTENTS NOTE
Formatted contents note THE FIRST AND MOST COMPREHENSIVE LEGAL THESAURUS EVER PUBLISHEDUpdated with 1,000 essential new terms--from "whistleblower" to "bailout"The first book of its kind when it was orginally published in 1980, Burton's Legal Thesaurus has become a staple for everyone in the legal profession. Addressing the newest concepts before the nation's highest courts, the fifth edition celebrates 35 years of this one-of-a-kind law reference tool. With 11,000 critical-to-know legal terms, synonyms, definitions, and parts of speech, Burton's is essential for:<br/><br/>Partners, associates, attorneys, and judges, who will appreciate the timeliness of the 1,000-plus new entriesLaw school students seeking to use a more specific word or recall a forgotten wordJournalists and scholars looking for the right word to fit the thought
650 ## - SUBJECT ADDED ENTRY--TOPICAL TERM
Topical term or geographic name entry element 1.Law - Terms and Phrases - Legal Thesaurus
700 ## - ADDED ENTRY--PERSONAL NAME
Personal name
--
942 ## - ADDED ENTRY ELEMENTS (KOHA)
Source of classification or shelving scheme Dewey Decimal Classification
Koha item type BOOKs
Holdings
Withdrawn status Lost status Damaged status Not for loan Home library Current library Shelving location Date acquired Cost, normal purchase price Total Checkouts Full call number Barcode Date last seen Price effective from Koha item type
        . .   30.05.2017 3495.00   340.03 BUR 33199 30.05.2017 30.05.2017 BOOKs